00978nam a2200241 a 450000100100000000500170001000800410002704000250006808200190009310000390011224501520015125000110030326000350031430000200034949000180036965000580038765000550044570000340050070000430053483000250057795201170060299900170071900003996020241021150158.0130731s1982 dr 000 0 spa d aDO-SdBNPbspacBNPHU a342.068bH557h1 aHernández, José María93585510aHacia la carrera administrativa para el logro de eficiencia /cJosé María Hernández, Raymundo Amaro Guzmán, Víctor Melitón Rodríguez. a2a ed. aSanto Domingo, :bONAP,c1982. a92 p. ;c21 cm.1 aSeminariosv3 0aCarrera administrativazRepública Dominicana935844 4aFunción públicazRepública Dominicana9177641 aAmaro Guzmán, Raymundo96561 aMelitón Rodríguez, Víctor921051 0aSeminariosn3966176 0010718PDaPDbPDcHDd2013-07-31iLF1l0o342.068 H557hp39960-10r2020-06-25w2020-06-25yLFPDZNo se presta c39450d39450